01781nam a2200517 i 450000100060000000300090000600500170001500800390003201500170007102000150008803500230010303500360012603500140016203500200017603500230019603500440021904000280026304100080029104600090029908000160030808000130032424501180033725000400045526000540049530000260054933600270057533700540060233800280065638000160068438000230070038800100072350400870073364800100082065000270083065000100085765100110086765500240087865800510090270000350095370000440098871000420103285600980107494200120117299900170118495200620120144151KOSZ 00520190919091502.0040415s2004 pl f |000 0 pol aPB 2004/7744 a8373343040 a991023031749705066 a(PL-WaBN)b16209990-48omnis_nlop ab16209990 a(OCoLC)69585730 a(PL)b0000001620999 a(EXLNZ-48OMNIS_NETWORK)9910285291005606 aWA NcWA NdKOSZ 005/HR0 apol k2004 a342.25(438) a352(438)00aKomentarz do ustawy o samorządzie gminnym /cKazimierz Bandarzewski [et al.]. ; pod red. Pawła Chmielnickiego. aStan prawny na 15 lutego 2004 roku. aWarszawa :bWydaw. Prawnicze "LexisNexis",c2004. a621, [1] s. ;c24 cm. 2rdacontentaTekstbtxt 2rdamediaaBez urządzenia pośredniczącegobn 2rdacarrieraWoluminbnc aKsiążki aPublikacje fachowe a2001- aBibliogr. s. 592-605, wykaz aktów normatywnych oraz wykaz orzeczeń s. 606-621. 7a2001- 7aSamorząd gminny2DBN 7aPrawo 7aPolska 7aKomentarz do ustawy aPolityka, politologia, administracja publiczna1 aBandarzewski, KazimierzeAutor1 aChmielnicki, Pawełd(1972- )eRedakcja2 aWydawnictwo Prawnicze LexisNexis4pbl uhttp://koha.tu.koszalin.pl/cgi-bin/koha/opac-detail.pl?biblionumber=44151yKatalog online BPK 2UKDcKS c44151d44151 00104071aBPKbBPKceho70979p02167404t352/353 StyKS